书目信息 |
| 题名: |
病原微生物实验室生物安全
|
|
| 作者: | 祁国明 | |
| 分册: | ||
| 出版信息: | 北京 人民卫生出版社 2006 |
|
| 页数: | 230 | |
| 开本: | 23cm | |
| 丛书名: | ||
| 单 册: | ||
| 中图分类: | R37-33 | |
| 科图分类: | ||
| 主题词: | 医药学:微生物学 | |
| 电子资源: | ||
| ISBN: | 7-117-07570-8 | |
| 000 | 00562nam0 2200193 450 | |
| 001 | 0741144344 | |
| 005 | 20070817112544.34 | |
| 010 | @a7-117-07570-8@d¥25.00 | |
| 100 | @a20070817d km y0chiy0120 ea | |
| 101 | 0 | @achi |
| 200 | 1 | @a病原微生物实验室生物安全@Abing yuan wei sheng wu shi yan shi sheng wu an quan@f祁国明@Fqi guo ming |
| 205 | @a2版 | |
| 210 | @a北京@c人民卫生出版社@d2006 | |
| 215 | @a230@d23cm | |
| 606 | 0 | @a医药学:微生物学 |
| 690 | @aR37-33@v3 | |
| 701 | 0 | @a祁国明@Aqi guo ming |
| 801 | 0 | @aCN@bPFT@c20070817 |
| 905 | @a213230@dR37-33@en2@f1 | |
| 病原微生物实验室生物安全/祁国明.-2版.-北京:人民卫生出版社,2006 |
| 230;23cm |
| ISBN 7-117-07570-8:¥25.00 |
| ● |
| 相关链接 |
|
|
|
|
正题名:病原微生物实验室生物安全
索取号:R37-33/n2
 
预约/预借
| 序号 | 登录号 | 条形码 | 馆藏地/架位号 | 状态 | 备注 |
| 1 | 6601297 | 266012977 | 密集书库-生命科学系/ [索取号:R37-33/n2] | 在馆 |